书目信息 |
| 题名: |
景观规划与设计案例实践
|
|
| 作者: | 田勇 编著 | |
| 分册: | ||
| 出版信息: | 长春 吉林大学出版社 2020.9 |
|
| 页数: | 170页 | |
| 开本: | 26cm | |
| 丛书名: | ||
| 单 册: | ||
| 中图分类: | TU983 | |
| 科图分类: | ||
| 主题词: | 景观规划--景观设计 | |
| 电子资源: | ||
| ISBN: | 978-7-5692-7186-7 | |
| 000 | 00889nam0 2200253 45 | |
| 001 | 012001000274 | |
| 005 | 20140911083145.0 | |
| 010 | @a978-7-5692-7186-7@dCNY58.00 | |
| 049 | @aA100000NLC@bUCS01010409420@c011067855@dNLC01 | |
| 100 | @a20210622d2020 em y0chiy50 ea | |
| 101 | 0 | @achi |
| 102 | @aCN@b220000 | |
| 105 | @aa z 000yy | |
| 106 | @ar | |
| 200 | 1 | @a景观规划与设计案例实践@Ajing guan gui hua yu she ji an li shi jian@b专著@f田勇[等]编著 |
| 210 | @a长春@c吉林大学出版社@d2020.9 | |
| 215 | @a170页@c图@d26cm | |
| 304 | @a编著还有:王润强、杨潇、胡旻 | |
| 330 | @a本书内容包括:景观规划设计概论、公园景观规划设计、校园景观规划设计、广场景观规划设计、滨水景观规划设计、庭院景观规划设计、乡村景观规划设计。 | |
| 606 | 0 | @a景观规划@x景观设计 |
| 690 | @aTU983@v5 | |
| 701 | 0 | @a田勇@Atian yong@4编著 |
| 801 | 0 | @aCN@bBJSDL@c20211011 |
| 905 | @b1331070-3@dTU983@e1835@f4 | |
| 景观规划与设计案例实践/田勇[等]编著.-长春:吉林大学出版社,2020.9 |
| 170页:图;26cm |
| ISBN 978-7-5692-7186-7:CNY58.00 |
| 本书内容包括:景观规划设计概论、公园景观规划设计、校园景观规划设计、广场景观规划设计、滨水景观规划设计、庭院景观规划设计、乡村景观规划设计。 |
| ● |
| 相关链接 |
|
|
|
|
正题名:景观规划与设计案例实践
索取号:TU983/1835
 
预约/预借
| 序号 | 登录号 | 条形码 | 馆藏地/架位号 | 状态 | 备注 |
| 1 | 1331070 | 213310709 | 第二样本阅览室/ [索取号:TU983/1835] | 在馆 | |
| 2 | 1331071 | 213310718 | 第三借阅区/ [索取号:TU983/1835] | 在馆 | |
| 3 | 1331072 | 213310727 | 第三借阅区/ [索取号:TU983/1835] | 在馆 | |
| 4 | 1331073 | 213310736 | 第三借阅区/ [索取号:TU983/1835] | 在馆 |